000 00913nam a2200205 a 4500
008 120416s2011 ||||||||||||||||| || u
020 _a9789211370362
050 _aUNO(058)
110 _aUnited Nations Organisation (UNO)
245 1 0 _aUnited Nations peace operations year in review, 2011
_cby United Nations Organization [UNO]
260 _aNew York:
_bUnited Nations Organization (UNO)
_c2011
300 _a79p.: ill.
350 _a0.00
362 1 _a<p>2011</p>
650 _aPEACEKEEPING
650 _aCONFLICT MANAGEMENT--UNITED NATIONS
650 _aUNITED NATIONS--PEACEKEEPING
995 _aSPECIAL COLLECTIONS
_e720
_FCBU-MAIN LIBRARY (Kitwe)
_I0.00
_jUNO(058)POYR/2011
_M1
_UAVAILABLE
_WMay 29, 2013
_yB720
_ZInternational Publications
995 _aSPECIAL COLLECTIONS
_D0.00
_e03008239
_FCBU-MAIN LIBRARY (Kitwe)
_H1
_I0.00
_jUNO(058)YR/2010
_M6
_UAVAILABLE
_WOct 12, 2011
_y03008239
_ZInternational Publications
999 _c78506
_d78506